Crónica de una investigación: la evolución de la terapia familiar en la obra de Mara Selvini Palazzoli
Đã lưu trong:
| Tác giả chính: | |
|---|---|
| Định dạng: | Sách |
| Ngôn ngữ: | Tiếng Tây Ban Nha |
| Được phát hành: |
Barcelona
Paidos
1990
|
| Loạt: | Terapia Familiar
|
| Những chủ đề: | |
| Các nhãn: |
Thêm thẻ
Không có thẻ, Là người đầu tiên thẻ bản ghi này!
|
MARC
| LEADER | 00000nam a2200000 a 4500 | ||
|---|---|---|---|
| 001 | UCQ3050 | ||
| 003 | CL-VaPUC | ||
| 008 | 980817e19900000SP |||||||||||||||||spa|d | ||
| 082 | 0 | 4 | |a 616.891 |b SEL |2 21 |
| 100 | 0 | |a Selvini, Matteo |e author |9 417102 | |
| 245 | 1 | 0 | |a Crónica de una investigación: la evolución de la terapia familiar en la obra de Mara Selvini Palazzoli |
| 300 | |a 363 p | ||
| 942 | |c BK | ||
| 945 | |d 19980817 00:00:00 |a mvenant | ||
| 260 | |a Barcelona |b Paidos |c 1990 | ||
| 600 | 0 | 7 | |a SELVINI PALAZZOLI, MARA |2 CL-VaPUC |9 417103 |
| 650 | 0 | |a Psicoterapia familiar |9 310747 | |
| 650 | 0 | |a Terapia familiar |9 312193 | |
| 650 | 0 | |a Familias |9 255641 | |
| 650 | 0 | |a Psicoanálisis |9 265702 | |
| 650 | 0 | |a Anorexia nerviosa |9 338727 | |
| 583 | |a last modification |c 19980817 00:00:00 |k Rodrigo Vera | ||
| 490 | 0 | |a Terapia Familiar | |
| 999 | |c 273707 |d 273705 | ||
| 952 | |0 0 |1 0 |4 0 |6 616_891000000000000_SEL_1990 |7 0 |8 A |9 309534 |a BIBEDU |b BIBEDU |d 2019-11-20 |i 3449130 |o 616.891 SEL 1990 |p 3449130 |r 2019-11-20 |w 2019-11-20 |y BK |k PSI | ||
| 952 | |0 0 |1 0 |4 0 |6 616_891000000000000_SEL_1990 |7 0 |8 A |9 309535 |a BIBEDU |b BIBEDU |d 2019-11-20 |i 3640728 |o 616.891 SEL 1990 |p 3640728 |r 2019-11-20 |w 2019-11-20 |y BK |k BME | ||